Червено знаме (Запис номер 143391)
[ съкратено ]
| 000 -Лидер | |
|---|---|
| Контролно поле с фиксирана дължина | 01166nam a2200301 c 4500 |
| 003 - Код на организацията, давaща контролен номер | |
| Контролно поле | BLK |
| 005 - Дата и час на последна редакция | |
| Контролно поле | 20180422112453.0 |
| 008 - Елементи от данни с фиксирана дължина | |
| fixed length control field | 180409b bul|||||r ||||||| ||bul|| |
| 010 ## - Наследен системен номер | |
| LC control number | KNG00149513000 |
| 040 ## - Източник на каталожния запис | |
| Идентификатор на билиотеката - собственик на записа | BLK |
| 041 ## - Код за език | |
| Код за езика на текст/звукозапис или на отделно заглавие | Български |
| Код за езика КДБФ | Български |
| 080 ## - УДК | |
| Текстов определител УДК | Българска литература |
| УДК код - определител по УДК | 821.163.2 |
| УДК определител | -1 |
| УДК - код + определител | 821.163.2-1 |
| 100 1# - Редна дума - Автор | |
| Автор | Тодоров, Ангел |
| Авторска отговорност | първи автор |
| Автор - информация (биография) | Тошков, Ангел Тодоров |
| R(LIN) | 367241 |
| 139 ## - Редно поле | |
| Редна дума | Тодоров, Ангел Т. |
| Авторски знак | Тодо - Т 64 |
| 245 10 - Сведения за заглавието | |
| Заглавие | Червено знаме |
| Подзаглавни данни | Избрани стихотворения : 1944-1949 |
| Редно поле (дума) | Ангел Тодоров; * Ангел Т. Тодоров. |
| 257 ## - Страна на издаване | |
| Страна на създаване/издаване | България |
| 260 ## - Област на издателските данни | |
| -- | София |
| Име на издателя, разпространителя и проч. | БКП |
| Година на издаване | 1949 |
| Печатница | София : Стоп. развитие |
| 300 ## - Физическа характеристика | |
| Страници | 71 с. |
| Размери/Мащаб | 20 см |
| 380 ## - Жанр | |
| Жанр | Худож. лит. |
| 500 ## - Общи забележки | |
| Забележка | 6 000 тир. |
| 653 ## - Ключова дума – ненормативна | |
| Ключова дума | стихотворения |
| 700 1# - Други автори (авторска отговорност) | |
| Лично име | Тодоров, Ангел Т. |
| Автороска отговорност (Описва отношението между автора и произведението) | * |
| 9 (RLIN) | 327958 |
| 852 ## - Местоположение | |
| Форматна сигнатура | Цб 8.200.35734 |
| 856 4# - Електронен адрес и достъп | |
| Електронен формат | pdf - файл |
| Път до файла /url/ | |
| 856 4# - Електронен адрес и достъп | |
| Електронен формат | pdf - файл |
| Път до файла /url/ | |
| 942 ## - АРТИКУЛИ | |
| Вид на библиотечния материал | Книги |
| Скрит в OPAC | Не |
| 944 ## - СЪЗДАВАНЕ И РЕДАКЦИЯ на ЗАПИСА | |
| Създаване/Редакция | Създаване |
| Дата на регистрацията/редакция | 20.08.2013 |
| Статус, дата на статуса | 20.08.2013 - от С1,Р / 20.08.2013 |
| Служител, извършил регистрацията/редакцията | Наталия_Медовщикова |
| 944 ## - СЪЗДАВАНЕ И РЕДАКЦИЯ на ЗАПИСА | |
| Създаване/Редакция | Редакция |
| Дата на регистрацията/редакция | 20.08.2013 |
| Статус, дата на статуса | 20.08.2013 - от С1,Р / 20.08.2013 |
| Служител, извършил регистрацията/редакцията | |
| 999 ## - СИСТЕМНИ КОНТРОЛНИ НОМЕРА | |
| Koha biblionumber | 143391 |
| Koha biblioitemnumber | 143391 |
| Код за отписване | Код за изгубен артикул | Източник на класификационната схема | Код за повреда | Коз за рестрикции | Код за отдаване | Артикулен № | Име на библиотеката - собственик | Име на библиотеката, в която се намира в момента | Статус (Текущо местоположение) | Дата на вписване в системата | Местоположение - отдел | Цена в лева | Инвентарен номер | Систематично азбучна сигнатура | Баркод | Номер на екземпляра | Цена в евро | Служебна бележка | Служебен тип на артикула |
|---|---|---|---|---|---|---|---|---|---|---|---|---|---|---|---|---|---|---|---|
| Не е изгубен | Universal Decimal Classification | Не е повреден | без рестрикции | ползва се в читалня | 237974 | Регионална библиотека "Любен Каравелов" Русе | Регионална библиотека "Любен Каравелов" Русе | Хранилище | 1949-01-01 | Основен фонд - ползва се само за читалня | 0.02 | 35734-а | Цб 8.200.35734 | 900000071713 | 1 | 0.01 | Дост: Pk Вид: Ф N: стар фонд Дата: 01.01.1949 | Книги | |
| Не е изгубен | Universal Decimal Classification | Не е повреден | без рестрикции | ползва се в читалня | 237975 | Регионална библиотека "Любен Каравелов" Русе | Регионална библиотека "Любен Каравелов" Русе | Хранилище | 1949-01-01 | Основен фонд - ползва се само за читалня | 0.02 | 35734-б | Цб 8.200.35734 | 900000071712 | 2 | 0.01 | Дост: Pk Вид: Ф N: стар фонд Дата: 01.01.1949 | Книги |